000 00669nam a2200205Ia 4500
001 9756
003 GE_BSU
008 181216s||||||||xx |||||||||||||| ||und||
040 _cGE_BSU
080 _a821.353.1–4
100 _aნიშნიანიძე,გაიოზ
245 _aზღვა–სიხარული.(ნარკვევების კრებული)
245 _cრედ.კ.ლოლაძე.
260 _aთბილისი
260 _bსაქ.კპ.ცკ–ის გამ–ბა
260 _c1960
300 _a143გვ.ილ.20სმ.
653 _aზღვა–სიხარული
942 _cBK
999 _c43036
_d43036